000
00297nam a2200121Ia 4500
100
_a
Institution of Engineers
942
_c
BK
654
_a
Electricals engg
245
_a
Alluminium in Electricals Engg
260
_b
The Institution of Engineers
_a
Madras
_c
1974
546
_a
ENGLISH
999
_c
23439
_d
23439